Tourism and society : (Record no. 51555)

MARC details
000 -LEADER
fixed length control field 00620nam a2200217Ia 4500
005 - DATE AND TIME OF LATEST TRANSACTION
control field 20260429111938.0
008 - FIXED-LENGTH DATA ELEMENTS--GENERAL INFORMATION
fixed length control field 260429s9999||||xx |||||||||||||| ||und||
020 ## - INTERNATIONAL STANDARD BOOK NUMBER
International Standard Book Number 9789395431484
041 ## - LANGUAGE CODE
Language English
082 ## - DEWEY DECIMAL CLASSIFICATION NUMBER
Classification number 338.4791
Item number MEH
100 ## - MAIN ENTRY--PERSONAL NAME
Personal name Mehta, Neeta
245 #0 - TITLE STATEMENT
Title Tourism and society :
Remainder of title cross-cultural perspectives /
Statement of responsibility, etc Neeta Mehta
250 ## - EDITION STATEMENT
Edition statement 1st ed.
260 ## - PUBLICATION, DISTRIBUTION, ETC. (IMPRINT)
Place of publication, distribution, etc New Delhi :
Name of publisher, distributor, etc Venus Books, Publishers & Distributors,
Date of publication, distribution, etc 2023.
300 ## - PHYSICAL DESCRIPTION
Extent xii, 298 p.; hb
650 ## - SUBJECT ADDED ENTRY--TOPICAL TERM
Topical term or geographic name as entry element Cross-cultural studies
650 ## - SUBJECT ADDED ENTRY--TOPICAL TERM
Topical term or geographic name as entry element Cultural tourism
650 ## - SUBJECT ADDED ENTRY--TOPICAL TERM
Topical term or geographic name as entry element Society
650 ## - SUBJECT ADDED ENTRY--TOPICAL TERM
Topical term or geographic name as entry element Tourism sociology
942 ## - ADDED ENTRY ELEMENTS (KOHA)
Koha item type Text Books
Holdings
Withdrawn status Lost status Damaged status Not for loan Collection code Home library Location Shelving location Date of Cataloging Source of acquisition Total Checkouts Full call number Barcode Date last seen Price effective from Koha item type
        Non-fiction CUTN Central Library CUTN Central Library Social Sciences 29/04/2026 T R Publications, Chennai - Invoice No. TRPHO/2025/CRB/185 on 09-02-2026   338.4791 MEH 56580 29/04/2026 29/04/2026 Text Books